00609nam a22001697a 4500003000900000005001700009008004100026040002300067050001200090082000700102100002700109245011100136526000900247942001200256999001300268952015800281BD-DhUIB20251011194137.0251011b |||||||| |||| 00| 0 eng d aBD-DhUIBcBD-DhUIB a658.404 222 aHeerkens, Gary R.9977 aThe business savvy project manager:bindispensable knowledge and skills for success/cby R. Gary Heerkens. aBBA. 2ddccBK c515d515 00102ddc40708NFICaIBALbIBALcGENd2014-11-07ePurchasel1o658.404 H459bp00049153q2025-10-25r2025-10-11 09:44:28s2025-10-11t01w2025-10-11yBK